书目信息 |
| 题名: |
陀螺力学
|
|
| 作者: | 肖尚彬 , 董秋泉 编 | |
| 分册: | ||
| 出版信息: | 北京 人民教育出版社 1980 |
|
| 页数: | 113页 | |
| 开本: | 21cm | |
| 丛书名: | 理论力学教学参考丛书 | |
| 单 册: | ||
| 中图分类: | O318 | |
| 科图分类: | ||
| 主题词: | 陀螺理论 | |
| 电子资源: | ||
| ISBN: | ||
| 000 | 00732nam2 2200277 45 | |
| 001 | 0180005588 | |
| 005 | 20040630095114.9 | |
| 010 | @dCNY0.40 | |
| 091 | @a15012.0285 | |
| 100 | @a19950626d1980 em y0chiy0121 ea | |
| 101 | 0 | @achi |
| 102 | @aCN@b110000 | |
| 105 | @ay z 000yy | |
| 106 | @ar | |
| 200 | 10 | @a陀螺力学@Atuo luo li xue@f肖尚彬, 董秋泉编 |
| 210 | @a北京@c人民教育出版社@d1980 | |
| 215 | @a113页@d21cm | |
| 225 | 2 | @a理论力学教学参考丛书 |
| 410 | 0 | @120010@a理论力学教学参考丛书 |
| 606 | @a陀螺理论 | |
| 690 | @aO318@v3 | |
| 701 | 0 | @a肖尚彬@Axiao shang bin@4编 |
| 701 | 0 | @a董秋泉@Adong qiu quan@4编 |
| 801 | 0 | @aCN@b上海图书馆@c20040518 |
| 801 | 2 | @aCN@bNLC@c20040518 |
| 905 | @dO318@e3@b104074@f1 | |
| 陀螺力学/肖尚彬, 董秋泉编.-北京:人民教育出版社,1980 |
| 113页;21cm.-(理论力学教学参考丛书) |
| ISBN :CNY0.40 |
| ● |
| 相关链接 |
|
|
|
|
正题名:陀螺力学
索取号:O318/3
 
预约/预借
| 序号 | 登录号 | 条形码 | 馆藏地/架位号 | 状态 | 备注 |
| 1 | 0104071 | 000384471 | 第三借阅区/ [索取号:O318/3] | 在馆 | |
| 2 | 0104072 | 000384462 | 第三借阅区/ [索取号:O318/3] | 在馆 | |
| 3 | 0104073 | 000384480 | 第三借阅区/ [索取号:O318/3] | 在馆 | |
| 4 | 0104074 | 001933527 | 第三借阅区/ [索取号:O318/3] | 在馆 | |
| 5 | 0104075 | 000384630 | 第二样本阅览室/ [索取号:O318/3] | 在馆 |